|
|
|
|
| LEADER |
00000nab a2200000 a 4500 |
| 001 |
vtls000857340 |
| 003 |
SK-MaSNL |
| 005 |
20260318114750.0 |
| 008 |
160405c2003 xo 0 hun |
| 015 |
|
|
|a SNBRB2003/12-37049
|
| 035 |
|
|
|a CLN000208994
|
| 040 |
|
|
|a SNKBUCL
|b slo
|c SNKBUCL
|e AACR2
|
| 041 |
0 |
|
|a hun
|
| 044 |
|
|
|a xo
|c SK
|
| 080 |
|
|
|a 78.091.4:78.087.6:783.8
|2 1997
|
| 080 |
|
|
|a 78.087.6:783.8
|2 1997
|
| 080 |
|
|
|a 783.8
|2 1997
|
| 100 |
1 |
|
|a Mészáros, Péter,
|d 1978-
|4 ain
|9 840038
|
| 245 |
1 |
0 |
|a "Lesz folytatás-"
|c Mészáros Péter, Stubendek László
|
| 300 |
|
|
|b Fotogr.
|
| 611 |
1 |
7 |
|a Harmónia Sacra Danubiana
|n 11.
|d 2003
|c Komárno, Slovensko
|2 snkbucl
|9 1615853
|
| 650 |
0 |
7 |
|a sakrálna hudba
|2 snkbucl
|9 1745
|
| 651 |
|
7 |
|a Komárno (Slovensko : okres)
|2 snkbucl
|9 15954
|
| 655 |
|
7 |
|a články z novín a časopisov
|2 snkbucl
|9 267496
|
| 700 |
1 |
|
|a Stubendek, László,
|d 1953-
|4 aut
|4 uin
|9 976307
|
| 773 |
0 |
|
|x 1335-6534
|t Remény
|g Roč. 14, č. 46 (2003), s. 12
|
| 850 |
|
|
|a Slovenská národná knižnica v Martine
|
| 852 |
|
|
|a SNK
|b KIS3GCP
|
| 958 |
|
|
|a HU
|
| 958 |
|
|
|a SK
|
| 958 |
|
|
|a RBX
|
| 999 |
|
|
|c 3329260
|d 3331190
|